000 00383nam a2200133Ia 4500
008 210210b1984 xxu||||| |||| 00| 0 eng d
082 _a305.56 PARS
100 _aPARVATHAMMA (C).
245 _aScheduled castes and tribes,- a socio-economic survey.
260 _aNew Delhi.
_bAshish Publishing House.,
_c1984
300 _axiii,310
690 _aSocial Structure
906 _aSG03293
999 _c114246
_d114246